Poesía reunida : tomo i (1956-1980) /
Guardado en:
| Autor Principal: | |
|---|---|
| Formato: | Libro |
| Publicado: |
Buenos Aires :
Seix Barral,
2014
|
| Materias: | |
| Etiquetas: |
Agregar Etiqueta
Sin Etiquetas, Sea el primero en etiquetar este registro!
|
| LEADER | 01214nam a22002535a 4500 | ||
|---|---|---|---|
| 001 | CEM.cems018370 | ||
| 008 | 130507s2014##################000#0#####d | ||
| 005 | 20220214180510.0 | ||
| 003 | CEMS | ||
| 245 | 1 | 0 | |a Poesía reunida : |b tomo i (1956-1980) / |c Juan Gelman |
| 260 | |a Buenos Aires : |b Seix Barral, |c 2014 | ||
| 300 | |a 664 p. | ||
| 505 | 0 | |a Violín y otras cuestiones (1949-1956) -- El juego en que andamos (1957-1958) -- Velorio del solo (1959-1961) -- Gotán (1962) -- Traducciones III.Los poemas de Sidney West (1968-1969) -- Cólera buey ( 1962-1968) -- Fábulas (1970-1971) -- Relaciones (1971-1973) -- Hechos (1974-1978) -- Notas (1979) -- Carta abierta (1980) -- Si dulcemente (1980) -- Comentarios (1978-1979) -- Citas (1979) -- Hacia el sur (1981-1982) -- Bajo la lluvia ajena (1980) | |
| 020 | |a 9789507318023 | ||
| 100 | 1 | |a Gelman, Juan | |
| 082 | 0 | 4 | |a A861.4 |
| 653 | |a Literatura | ||
| 653 | |a Literatura argentina | ||
| 653 | |a Poesías | ||
| 653 | |a Poesía argentina | ||
| 653 | |a Biblioteca Juan Gelman | ||
| 653 | |a Colección Juan Gelman | ||
| 859 | |a CEMS |b BIB. CEMS - 11 de abril |h A861.4 |i G282-2 |p 27085.14 |t Ej.1 |v 1 |3 1 | ||
| 859 | |a CEMS |b BIB. CEMS - Agricultura |h A861.4 |i G283-1 |p A2279.15 |t Ej.1 |v I |3 I | ||
